[Event "GER-ch Net blitz qual2"]
[Site "Playchess.com INT"]
[Date "2021.05.04"]
[Round "10"]
[White "Singh, Marcel"]
[Black "Wulff, Joerg"]
[Result "1-0"]
[WhiteElo "2008"]
[BlackElo "1947"]
[PlyCount "81"]
[EventDate "2021.05.04"]
[EventType "swiss (blitz)"]
[EventRounds "11"]
[EventCountry "GER"]
[SourceTitle "CBM 202 Extra"]
[Source "ChessBase"]
[SourceDate "2021.07.31"]
[SourceVersion "1"]
[SourceVersionDate "2021.07.31"]
[SourceQuality "1"]

1. e4 Nf6 2. Nc3 d5 3. exd5 Nxd5 4. Nxd5 Qxd5 5. Qf3 Be6 6. c4 Qc6 7. d4 Qxf3 8. Nxf3 c6 9. Bf4 Nd7 10. 0-0-0 0-0-0 11. Ng5 g6 12. d5 Bg4 13. f3 e5 14. Be3 Bh6 15. Bd2 Bxg5 16. Bxg5 f6 17. Be3 Bxf3 18. gxf3 f5 19. dxc6 bxc6 20. Bxa7 Kb7 21. Bf2 Nf6 22. Bd3 e4 23. fxe4 fxe4 24. Bc2 Ra8 25. a3 Ng4 26. Bd4 Rhd8 27. h3 Nh6 28. Bxe4 Nf5 29. Bxf5 gxf5 30. Rhf1 Rf8 31. Bc5 Rf7 32. Rd6 f4 33. Rd4 f3 34. Rd3 f2 35. Rxf2 Rg7 36. Rdf3 h5 37. Rf7+ Rxf7 38. Rxf7+ Ka6 39. Rf8 h4 40. Rxa8+ Kb7 41. Ra7+ 1-0

[Event "GER-ch Net blitz qual2"]
[Site "Playchess.com INT"]
[Date "2021.05.04"]
[Round "6"]
[White "Wulff, Joerg"]
[Black "Hoppe, Thilo"]
[Result "1-0"]
[WhiteElo "1947"]
[BlackElo "2054"]
[PlyCount "69"]
[EventDate "2021.05.04"]
[EventType "swiss (blitz)"]
[EventRounds "11"]
[EventCountry "GER"]
[SourceTitle "CBM 202 Extra"]
[Source "ChessBase"]
[SourceDate "2021.07.31"]
[SourceVersion "1"]
[SourceVersionDate "2021.07.31"]
[SourceQuality "1"]

1. e4 e6 2. c4 d5 3. cxd5 exd5 4. Qb3 c6 5. exd5 cxd5 6. Nf3 Nf6 7. Bb5+ Nc6 8. 0-0 Be7 9. Ne5 Qc7 10. Re1 0-0 11. Nxc6 bxc6 12. Bf1 Ne4 13. Nc3 Bf5 14. d3 Nc5 15. Qd1 Bd6 16. g3 Rfe8 17. Rxe8+ Rxe8 18. Be3 Ne6 19. Rc1 d4 20. Nb5 Qb6 21. Nxd6 dxe3 22. Nxf5 exf2+ 23. Kg2 Qb5 24. Qf3 Ng5 25. Qxc6 Qb8 26. h4 Ne6 27. Kxf2 g6 28. Nd6 Rd8 29. Ne4 Nd4 30. Qc7 Qa8 31. Qf4 Ne6 32. Qf3 Qd5 33. Nf6+ Kg7 34. Nxd5 Rxd5 35. Qxd5 1-0

[Event "GER Cup Net Final-B U2000"]
[Site "Playchess.com INT"]
[Date "2020.06.06"]
[Round "8"]
[White "Hilck, Dirk"]
[Black "Wulff, Joerg"]
[Result "0-1"]
[WhiteElo "1796"]
[BlackElo "1888"]
[PlyCount "98"]
[EventDate "2020.06.06"]
[EventType "swiss (blitz)"]
[EventRounds "13"]
[EventCountry "GER"]
[SourceTitle "CBM 197 Extra"]
[Source "ChessBase"]
[SourceDate "2020.09.30"]
[SourceVersion "1"]
[SourceVersionDate "2020.09.30"]
[SourceQuality "1"]

1. e4 g6 2. d4 Bg7 3. Nc3 d6 4. f4 Nf6 5. Nf3 0-0 6. Be2 Na6 7. e5 dxe5 8. fxe5 Nd5 9. Nxd5 Qxd5 10. c4 Qd8 11. 0-0 c5 12. d5 Bg4 13. Bf4 Qc7 14. Re1 Rad8 15. h3 Bf5 16. Qc1 Nb4 17. e6 Qb6 18. exf7+ Rxf7 19. Ne5 Rff8 20. a3 Nc2 21. Qd2 Nxa1 22. Rxa1 Qb3 23. Rc1 Qb6 24. Bf3 Rd6 25. g3 Bxh3 26. Qe3 Qxb2 27. Re1 Qd4 28. Qxd4 cxd4 29. Kh2 Bf5 30. g4 Bxg4 31. Bxg4 Rxf4 32. Be6+ Kf8 33. Nd3 Rf3 34. Nc5 Rf6 35. Nxb7 Rb6 36. Nc5 Rb2+ 37. Kh3 Rf3+ 38. Kg4 Re3 39. Rf1+ Ke8 40. Nd7 Bf6 41. Rxf6 exf6 42. Nxf6+ Ke7 43. Nxh7 Rxe6 44. dxe6 Kxe6 45. Ng5+ Ke5 46. Nf3+ Ke4 47. Ng5+ Ke3 48. c5 d3 49. Nf3 Rf2 0-1

[Event "GER Cup Net Final-B U2000"]
[Site "Playchess.com INT"]
[Date "2020.06.06"]
[Round "4"]
[White "Prieb, Robert"]
[Black "Wulff, Joerg"]
[Result "1-0"]
[WhiteElo "1949"]
[BlackElo "1888"]
[PlyCount "107"]
[EventDate "2020.06.06"]
[EventType "swiss (blitz)"]
[EventRounds "13"]
[EventCountry "GER"]
[SourceTitle "CBM 197 Extra"]
[Source "ChessBase"]
[SourceDate "2020.09.30"]
[SourceVersion "1"]
[SourceVersionDate "2020.09.30"]
[SourceQuality "1"]

1. d4 Nf6 2. c4 c5 3. d5 e6 4. Nc3 exd5 5. cxd5 d6 6. e4 g6 7. h3 Bg7 8. Nf3 0-0 9. Bd3 b5 10. Nxb5 Nxe4 11. Bxe4 Re8 12. Ng5 h6 13. Ne6 Qa5+ 14. Nc3 fxe6 15. 0-0 e5 16. Bxg6 Rf8 17. Be3 Bf5 18. Bxf5 Rxf5 19. Qc2 Rf6 20. Ne4 Rg6 21. Nxc5 Rf6 22. Ne4 Rg6 23. Ng3 Rf6 24. Rac1 Nd7 25. Qc7 Qxc7 26. Rxc7 Nb6 27. Rd1 Na4 28. b3 Nb6 29. Bxb6 axb6 30. a4 Raf8 31. Ne4 Rg6 32. Rd7 h5 33. Rxd6 Rxd6 34. Nxd6 Rd8 35. Nf5 Bf6 36. d6 Kf7 37. Ng3 Ke6 38. Nxh5 Bh4 39. g3 Bg5 40. g4 Rxd6 41. Ng7+ Kd7 42. Rxd6+ Kxd6 43. Nf5+ Kc5 44. h4 Bd2 45. h5 Kb4 46. h6 Bc3 47. h7 e4 48. g5 Kxb3 49. g6 Kxa4 50. g7 Bxg7 51. Nxg7 b5 52. h8Q b4 53. Qe8+ Kb3 54. Qxe4 1-0

[Event "GER Cup Net Final-B U2000"]
[Site "Playchess.com INT"]
[Date "2020.06.06"]
[Round "12"]
[White "Wulff, Joerg"]
[Black "Platz, Daniel1"]
[Result "1-0"]
[WhiteElo "1888"]
[BlackElo "1701"]
[PlyCount "67"]
[EventDate "2020.06.06"]
[EventType "swiss (blitz)"]
[EventRounds "13"]
[EventCountry "GER"]
[SourceTitle "CBM 197 Extra"]
[Source "ChessBase"]
[SourceDate "2020.09.30"]
[SourceVersion "1"]
[SourceVersionDate "2020.09.30"]
[SourceQuality "1"]

1. e4 e6 2. d3 d5 3. Nd2 Nf6 4. Ngf3 c5 5. g3 Nc6 6. Bg2 dxe4 7. dxe4 Be7 8. 0-0 0-0 9. Qe2 Nd4 10. Nxd4 cxd4 11. Nf3 Bc5 12. Bg5 h6 13. Bf4 g5 14. Bd2 Qc7 15. Qc4 e5 16. Bb4 b6 17. Bxc5 bxc5 18. Rfe1 Be6 19. Qa4 Rab8 20. b3 Rb4 21. Qa6 g4 22. Nh4 Rfb8 23. Nf5 h5 24. Qe2 a5 25. h3 c4 26. Qd2 Nh7 27. hxg4 hxg4 28. Nh6+ Kg7 29. Nf5+ Kg8 30. Qh6 f6 31. Qg6+ Kh8 32. a3 R4b7 33. Qxg4 Rg8 34. Qf3 1-0

[Event "GER-ch Net Amateur Gr-B Final"]
[Site "Playchess.com INT"]
[Date "2020.04.18"]
[Round "5"]
[White "Grosse, Manfred"]
[Black "Wulff, Joerg"]
[Result "1-0"]
[WhiteElo "1659"]
[BlackElo "1704"]
[PlyCount "119"]
[EventDate "2020.04.18"]
[EventType "swiss (blitz)"]
[EventRounds "13"]
[EventCountry "GER"]
[SourceTitle "CBM 195 Extra"]
[Source "ChessBase"]
[SourceDate "2020.05.31"]
[SourceVersion "1"]
[SourceVersionDate "2020.05.31"]
[SourceQuality "1"]

1. e4 g6 2. Nf3 Bg7 3. d4 d6 4. h3 Nf6 5. Bd3 0-0 6. c4 c5 7. Nc3 Nc6 8. Be3 b6 9. 0-0 cxd4 10. Nxd4 Bb7 11. Nxc6 Bxc6 12. Rc1 Qb8 13. b3 Rd8 14. Nd5 Rd7 15. Qe2 Qf8 16. Rfd1 Rad8 17. Qf3 h6 18. b4 Kh7 19. b5 Bb7 20. a4 Qh8 21. Rc2 e6 22. Nf4 d5 23. exd5 exd5 24. cxd5 Nxd5 25. Nxd5 Rxd5 26. Qe2 Bf6 27. Rcc1 Qe8 28. Bc4 Rxd1+ 29. Rxd1 Rxd1+ 30. Qxd1 Qe4 31. Bf1 Kg7 32. Qd7 Qd5 33. Qe8 Qe4 34. Qb8 Qd5 35. Qxa7 Qd7 36. Qxb6 Be4 37. Qa7 Qd5 38. b6 Be5 39. b7 Qd6 40. Qc5 Bh2+ 41. Kh1 Qb8 42. a5 Bd6 43. Qd4+ f6 44. Qxe4 Be5 45. Qc6 Bf4 46. Qc8 Kf7 47. Qxb8 Bxb8 48. a6 Ke6 49. a7 Bxa7 50. Bxa7 f5 51. b8Q f4 52. Qb6+ Kf5 53. Qb5+ Kf6 54. Qc6+ Kf5 55. Qd5+ Kf6 56. Bd4+ Ke7 57. Qe5+ Kd7 58. Bb5+ Kc8 59. Qc5+ Kd8 60. Bf6# 1-0

[Event "GER-ch Net Amateur Gr-B Final"]
[Site "Playchess.com INT"]
[Date "2020.04.18"]
[Round "4"]
[White "Schaefer, Konstantin"]
[Black "Wulff, Joerg"]
[Result "0-1"]
[WhiteElo "1820"]
[BlackElo "1704"]
[PlyCount "84"]
[EventDate "2020.04.18"]
[EventType "swiss (blitz)"]
[EventRounds "13"]
[EventCountry "GER"]
[SourceTitle "CBM 195 Extra"]
[Source "ChessBase"]
[SourceDate "2020.05.31"]
[SourceVersion "1"]
[SourceVersionDate "2020.05.31"]
[SourceQuality "1"]

1. e4 g6 2. d4 Bg7 3. Nf3 d6 4. Bc4 Nf6 5. Qe2 0-0 6. 0-0 c6 7. e5 Nd5 8. Nc3 Be6 9. Ne4 Qc7 10. Nfg5 Bf5 11. f4 Nd7 12. g4 Bxe4 13. Nxe4 N7b6 14. Bb3 a5 15. a4 dxe5 16. fxe5 e6 17. Bg5 h6 18. Bf6 Bxf6 19. Nxf6+ Kg7 20. h4 Nd7 21. Qf2 Qd8 22. g5 hxg5 23. hxg5 Qe7 24. Kg2 Rh8 25. Rh1 Rxh1 26. Rxh1 Rh8 27. Qf1 Ne3+ 28. Kf2 Nxf1 29. Rxf1 Rh2+ 30. Kg3 Rh8 31. c4 Nb6 32. c5 Nd5 33. Re1 Rh5 34. Kg4 Rh2 35. Bd1 Rg2+ 36. Kh3 Rxg5 37. Kh4 Rg2 38. Bf3 Rf2 39. Kg3 Rxb2 40. Rh1 Nxf6 41. exf6+ Qxf6 42. Be4 Rb3+ 0-1

[Event "GER-ch Net Amateur Gr-B Final"]
[Site "Playchess.com INT"]
[Date "2020.04.18"]
[Round "3"]
[White "Wulff, Joerg"]
[Black "Sondermann, Dirk"]
[Result "1-0"]
[WhiteElo "1704"]
[BlackElo "1680"]
[PlyCount "57"]
[EventDate "2020.04.18"]
[EventType "swiss (blitz)"]
[EventRounds "13"]
[EventCountry "GER"]
[SourceTitle "CBM 195 Extra"]
[Source "ChessBase"]
[SourceDate "2020.05.31"]
[SourceVersion "1"]
[SourceVersionDate "2020.05.31"]
[SourceQuality "1"]

1. e4 e6 2. d3 d5 3. Nd2 c5 4. Ngf3 Nf6 5. g3 Nc6 6. Bg2 Be7 7. 0-0 b5 8. Re1 0-0 9. Qe2 a5 10. e5 Nd7 11. Nf1 Ba6 12. h4 b4 13. Bf4 a4 14. a3 Nd4 15. Nxd4 cxd4 16. Nh2 b3 17. cxb3 axb3 18. Nf3 Qb6 19. h5 Rac8 20. Rac1 Nc5 21. Red1 Nxd3 22. Rxc8 Nxf4 23. Rxf8+ Bxf8 24. Qd2 Nxg2 25. Kxg2 Qc5 26. Qxd4 Qxd4 27. Nxd4 Bc4 28. Re1 Bc5 29. Rd1 1-0

[Event "GER-ch Net Amateur Gr-B Vor3"]
[Site "Playchess.com INT"]
[Date "2020.04.16"]
[Round "6"]
[White "Harlander, Tilman"]
[Black "Wulff, Joerg"]
[Result "0-1"]
[WhiteElo "1584"]
[BlackElo "1655"]
[PlyCount "96"]
[EventDate "2020.04.16"]
[EventType "swiss (blitz)"]
[EventRounds "9"]
[EventCountry "GER"]
[SourceTitle "CBM 195 Extra"]
[Source "ChessBase"]
[SourceDate "2020.05.31"]
[SourceVersion "1"]
[SourceVersionDate "2020.05.31"]
[SourceQuality "1"]

1. d4 Nf6 2. Bf4 c5 3. e3 Qb6 4. Nd2 d6 5. c3 g6 6. Qb3 Bg7 7. Ngf3 0-0 8. h3 Nbd7 9. Bd3 Qc7 10. 0-0 b6 11. Rac1 Bb7 12. e4 c4 13. Qxc4 Qxc4 14. Bxc4 Nxe4 15. Rfe1 Nxd2 16. Nxd2 e5 17. dxe5 Nxe5 18. Be3 Rac8 19. Bb3 Nd3 20. Bc2 Nxc1 21. Rxc1 Rfe8 22. Nb3 Bd5 23. a3 Be6 24. Nd4 Bd5 25. Rd1 a6 26. Ne2 Bc4 27. Nf4 Be5 28. Nd5 b5 29. Nb6 Rcd8 30. Nxc4 bxc4 31. Rd5 Rb8 32. Ba4 Red8 33. Bc1 g5 34. Rd2 Bf4 35. Rc2 Bxc1 36. Rxc1 Rxb2 37. Kh2 Ra2 38. Bc6 Rxa3 39. Bd5 Rc8 40. Kg3 Ra5 41. Be4 Re5 42. Bc2 Re2 43. Kf3 Rce8 44. Bf5 R2e5 45. Bg4 f5 46. Bh5 Rb8 47. g4 f4 48. Bf7+ Kxf7 0-1

[Event "GER-ch Net Amateur Gr-B Vor3"]
[Site "Playchess.com INT"]
[Date "2020.04.16"]
[Round "7"]
[White "Radi, Guenter"]
[Black "Wulff, Joerg"]
[Result "0-1"]
[WhiteElo "1527"]
[BlackElo "1669"]
[PlyCount "88"]
[EventDate "2020.04.16"]
[EventType "swiss (blitz)"]
[EventRounds "9"]
[EventCountry "GER"]
[SourceTitle "CBM 195 Extra"]
[Source "ChessBase"]
[SourceDate "2020.05.31"]
[SourceVersion "1"]
[SourceVersionDate "2020.05.31"]
[SourceQuality "1"]

1. d4 Nf6 2. Nf3 c5 3. c3 b6 4. e3 g6 5. Be2 Bg7 6. 0-0 0-0 7. Nbd2 Bb7 8. Nb3 d6 9. dxc5 dxc5 10. Qxd8 Rxd8 11. Rd1 Nc6 12. Bd2 e5 13. Be1 e4 14. Ng5 h6 15. Nh3 Ne5 16. f4 exf3 17. gxf3 Bxf3 18. Bxf3 Nxf3+ 19. Kg2 Ne5 20. Bg3 Nc4 21. Rxd8+ Rxd8 22. Rb1 Nxe3+ 23. Kf3 Nf5 24. Be5 Nh4+ 25. Kg3 Nf5+ 26. Kf4 Rd3 27. Bxf6 Rxh3 28. Bxg7 Kxg7 29. Rh1 Rh4+ 30. Kf3 c4 31. Nd2 Rh3+ 32. Ke2 b5 33. Nf3 Ng3+ 34. Kf2 Nxh1+ 35. Kg2 Rxf3 36. Kxf3 Kf6 37. Kg2 Kf5 38. Kxh1 Ke4 39. Kg2 Kd3 40. Kf2 Kc2 41. Ke3 Kxb2 42. a4 bxa4 43. Kd4 a3 44. Kxc4 a2 0-1

[Event "GER-ch Net Amateur Gr-B Vor2"]
[Site "Playchess.com INT"]
[Date "2020.04.15"]
[Round "9"]
[White "Bendrich, Thorsten"]
[Black "Wulff, Joerg"]
[Result "0-1"]
[WhiteElo "1639"]
[BlackElo "1637"]
[PlyCount "136"]
[EventDate "2020.04.15"]
[EventType "swiss (blitz)"]
[EventRounds "9"]
[EventCountry "GER"]
[SourceTitle "CBM 196 Extra"]
[Source "ChessBase"]
[SourceDate "2020.07.31"]
[SourceVersion "1"]
[SourceVersionDate "2020.07.31"]
[SourceQuality "1"]

1. Nc3 a6 2. e4 b5 3. f4 Bb7 4. e5 d6 5. d4 g6 6. Nf3 Bg7 7. Bd3 c5 8. dxc5 dxc5 9. 0-0 e6 10. Ne4 Bxe4 11. Bxe4 Ra7 12. Qe2 Ne7 13. Be3 Nd7 14. Rad1 Qc7 15. Rd2 0-0 16. Rfd1 Nb6 17. b3 Nbd5 18. c4 Nc3 19. Qd3 Nxd1 20. Rxd1 bxc4 21. Qxc4 Rc8 22. Rc1 Nf5 23. Bf2 Bf8 24. g4 Nh6 25. h3 Be7 26. Qe2 Kg7 27. b4 c4 28. Bxa7 Qxa7+ 29. Kg2 Bxb4 30. Rxc4 Rxc4 31. Qxc4 a5 32. Qd3 Ng8 33. Nd4 Qb6 34. Nc2 Ne7 35. Nxb4 Qxb4 36. Kf3 a4 37. Qc2 Qe1 38. Qe2 Qh1+ 39. Qg2 Qd1+ 40. Qe2 Qd4 41. Qe3 Qb2 42. Qe2 a3 43. Qxb2 axb2 44. Ke3 Nd5+ 45. Kd2 Nxf4 46. Kc3 Nxh3 47. Kxb2 Nf2 48. Bg2 Nd3+ 49. Kc3 Nxe5 50. a4 Nd7 51. Kb4 Nb8 52. a5 f5 53. gxf5 exf5 54. Kc5 Kf6 55. Kd6 Kg5 56. Kc7 Na6+ 57. Kb7 Nb4 58. Kc7 f4 59. Kd6 Kg4 60. Kc5 Na6+ 61. Kb5 Nb8 62. Bb7 f3 63. Bc8+ Kg3 64. Kb6 f2 65. Ka7 Nc6+ 66. Kb6 Nxa5 67. Ka6 f1Q+ 68. Kxa5 Qa1+ 0-1

[Event "GER-ch Net Amateur Gr-B Vor2"]
[Site "Playchess.com INT"]
[Date "2020.04.15"]
[Round "7"]
[White "Kettner Nikolaus, Frank"]
[Black "Wulff, Joerg"]
[Result "1-0"]
[WhiteElo "1577"]
[BlackElo "1637"]
[PlyCount "53"]
[EventDate "2020.04.15"]
[EventType "swiss (blitz)"]
[EventRounds "9"]
[EventCountry "GER"]
[SourceTitle "CBM 196 Extra"]
[Source "ChessBase"]
[SourceDate "2020.07.31"]
[SourceVersion "1"]
[SourceVersionDate "2020.07.31"]
[SourceQuality "1"]

1. f4 b6 2. b3 Bb7 3. e3 g6 4. Bb2 Nf6 5. Nf3 Bg7 6. g3 0-0 7. Bg2 d6 8. 0-0 a5 9. a4 Nbd7 10. Qe1 Ne4 11. Bxg7 Kxg7 12. d3 Nec5 13. Nbd2 e6 14. e4 Na6 15. g4 Nb4 16. Rc1 Na2 17. Ra1 Nb4 18. Rc1 Ba6 19. g5 Nxc2 20. Rxc2 Bxd3 21. Rc1 Bxf1 22. Nxf1 Ra7 23. Qc3+ Kg8 24. h3 Nc5 25. N3h2 Qa8 26. Ng4 Nd7 27. Nh6# 1-0

[Event "GER-ch Net blitz qual4"]
[Site "Playchess.com INT"]
[Date "2020.03.23"]
[Round "9"]
[White "Staeblein, Christoph"]
[Black "Wulff, Joerg"]
[Result "1-0"]
[WhiteElo "2170"]
[BlackElo "1819"]
[PlyCount "133"]
[EventDate "2020.03.23"]
[EventType "swiss (blitz)"]
[EventRounds "9"]
[EventCountry "GER"]
[SourceTitle "CBM 195 Extra"]
[Source "ChessBase"]
[SourceDate "2020.05.31"]
[SourceVersion "1"]
[SourceVersionDate "2020.05.31"]
[SourceQuality "1"]

1. d4 Nf6 2. c4 c5 3. Nf3 g6 4. Nc3 Bg7 5. g3 0-0 6. Bg2 Nc6 7. 0-0 d6 8. d5 Nb8 9. e4 Bg4 10. h3 Bxf3 11. Qxf3 Na6 12. Qe2 Nc7 13. f4 a6 14. e5 Nfe8 15. Re1 e6 16. Be3 Rb8 17. exd6 Qxd6 18. Rad1 exd5 19. Nxd5 Nf6 20. Nxf6+ Qxf6 21. Bxc5 Rfe8 22. Qf2 Qxb2 23. Qxb2 Bxb2 24. Bd6 Bd4+ 25. Kh2 Bb6 26. c5 Ba5 27. Rxe8+ Rxe8 28. Rb1 Nb5 29. Be5 Rd8 30. Bxb7 Rd2+ 31. Kg1 Rd3 32. Rb3 Rd1+ 33. Kg2 Rd2+ 34. Kf3 Rxa2 35. Bxa6 Ra3 36. Rxa3 Nxa3 37. c6 Nc2 38. c7 Bxc7 39. Bxc7 Nd4+ 40. Ke4 Nb3 41. Bb6 Nd2+ 42. Ke3 Nb3 43. Bc4 Na1 44. Kd3 Kg7 45. Bd4+ f6 46. Bxa1 h6 47. g4 g5 48. Ke4 Kg6 49. Be6 h5 50. gxh5+ Kxh5 51. fxg5 fxg5 52. Bc3 Kh4 53. Be1+ Kh5 54. Kf5 Kh6 55. Bd2 Kh5 56. Be1 Kh6 57. Bf7 Kg7 58. Be8 Kh6 59. Bg3 Kg7 60. Kxg5 Kf8 61. Bg6 Kg7 62. Be5+ Kg8 63. h4 Kf8 64. h5 Ke7 65. Bf6+ Kd7 66. h6 Ke6 67. h7 1-0

[Event "GER-ch Net blitz qual2"]
[Site "Playchess.com INT"]
[Date "2020.03.16"]
[Round "4"]
[White "Wulff, Joerg"]
[Black "Foeing, Alexander"]
[Result "1-0"]
[WhiteElo "1819"]
[BlackElo "1620"]
[PlyCount "65"]
[EventDate "2020.03.16"]
[EventType "swiss (blitz)"]
[EventRounds "9"]
[EventCountry "GER"]
[SourceTitle "CBM 195 Extra"]
[Source "ChessBase"]
[SourceDate "2020.05.31"]
[SourceVersion "1"]
[SourceVersionDate "2020.05.31"]
[SourceQuality "1"]

1. e4 e5 2. Nf3 Nc6 3. Bc4 Nf6 4. Qe2 g6 5. d3 Bg7 6. 0-0 0-0 7. a4 d6 8. h3 Be6 9. Nbd2 Qd7 10. c3 Nh5 11. Nb3 Nf4 12. Bxf4 exf4 13. Nbd4 Nxd4 14. cxd4 f5 15. d5 fxe4 16. dxe6 exf3 17. exd7+ Kh8 18. Qxf3 Rad8 19. Be6 Rf6 20. Rfe1 Bh6 21. Rac1 c5 22. b4 cxb4 23. Rc8 Rff8 24. Rxd8 Rxd8 25. Qxb7 f3 26. Qc8 Bg5 27. Bf7 fxg2 28. Re8+ Rxe8 29. dxe8Q+ Kg7 30. Qg8+ Kh6 31. Qe6 Bd2 32. Qexg6+ hxg6 33. Qxg6# 1-0

[Event "GER-ch Net blitz qual1"]
[Site "Playchess.com INT"]
[Date "2020.03.07"]
[Round "7"]
[White "Koepke, Christian"]
[Black "Wulff, Joerg"]
[Result "1-0"]
[WhiteElo "2342"]
[BlackElo "1819"]
[PlyCount "133"]
[EventDate "2020.03.07"]
[EventType "swiss (blitz)"]
[EventRounds "9"]
[EventCountry "GER"]
[SourceTitle "CBM 195 Extra"]
[Source "ChessBase"]
[SourceDate "2020.05.31"]
[SourceVersion "1"]
[SourceVersionDate "2020.05.31"]
[SourceQuality "1"]

1. d4 Nf6 2. Nc3 c5 3. dxc5 g6 4. e4 Qa5 5. Bd3 Qxc5 6. Nf3 d6 7. 0-0 Bg7 8. h3 0-0 9. Be3 Qa5 10. Qd2 Nc6 11. a3 a6 12. Bh6 Bd7 13. Bxg7 Kxg7 14. Rfe1 Qh5 15. Be2 Qc5 16. Rad1 b5 17. Bf1 Qh5 18. Qe3 Qh6 19. Ng5 Nd8 20. Nd5 Re8 21. Nc7 Ne6 22. Nxe8+ Rxe8 23. Nxe6+ Bxe6 24. Qxh6+ Kxh6 25. e5 dxe5 26. Rxe5 Rc8 27. c3 Kg7 28. g3 Nd5 29. Rexd5 Bxd5 30. Rxd5 Rc6 31. Rd7 Re6 32. Ra7 Kf6 33. Kg2 Rd6 34. a4 Rd2 35. axb5 axb5 36. b4 Rc2 37. Rc7 Ke5 38. Rc5+ Kd6 39. Bxb5 e5 40. Bd3 Rd2 41. Bc4 Rc2 42. Bxf7 e4 43. Kf1 Rc1+ 44. Ke2 Rc2+ 45. Ke3 g5 46. g4 Ke7 47. Bg8 h6 48. Bh7 Kd6 49. Bxe4 Rc1 50. Rc6+ Kd7 51. Rxh6 Re1+ 52. Kd3 Rd1+ 53. Kc2 Ra1 54. b5 Ra2+ 55. Kd3 Rxf2 56. c4 Rf8 57. c5 Ke7 58. Kd4 Rd8+ 59. Ke5 Rb8 60. Rh7+ Kf8 61. Rh8+ Kg7 62. Rxb8 Kf7 63. Rb7+ Kg8 64. c6 Kf8 65. Rh7 Ke8 66. c7 Kf8 67. c8Q# 1-0

[Event "GER-ch Net blitz qual1"]
[Site "Playchess.com INT"]
[Date "2020.03.07"]
[Round "9"]
[White "Lerch, Martin Erik"]
[Black "Wulff, Joerg"]
[Result "1-0"]
[WhiteElo "1900"]
[BlackElo "1819"]
[PlyCount "117"]
[EventDate "2020.03.07"]
[EventType "swiss (blitz)"]
[EventRounds "9"]
[EventCountry "GER"]
[SourceTitle "CBM 195 Extra"]
[Source "ChessBase"]
[SourceDate "2020.05.31"]
[SourceVersion "1"]
[SourceVersionDate "2020.05.31"]
[SourceQuality "1"]

1. e4 g6 2. Nc3 Bg7 3. f4 d6 4. Nf3 Nf6 5. Bc4 0-0 6. d3 a6 7. f5 b5 8. Bb3 Nbd7 9. fxg6 hxg6 10. 0-0 Bb7 11. Qe1 b4 12. Ne2 c5 13. Qh4 Nh7 14. Nf4 Bf6 15. Qg3 Kh8 16. Nd5 Bxd5 17. Bxd5 Ra7 18. Ng5 Nxg5 19. Bxg5 Kg7 20. Bxf6+ Nxf6 21. Bb3 Rh8 22. Rf3 a5 23. Raf1 a4 24. Bc4 Rh5 25. c3 Qh8 26. h3 Qh6 27. Qf2 a3 28. cxb4 cxb4 29. bxa3 Rxa3 30. Rxf6 exf6 31. Qxf6+ Kh7 32. Qxf7+ Qg7 33. Qe8 Ra7 34. Rf8 Re7 35. Qb8 Rhe5 36. Rf4 Re8 37. Qxd6 g5 38. Rf7 Qxf7 39. Bxf7 R8e7 40. Bd5 Kg7 41. Qxb4 Rc7 42. Qd2 Rce7 43. d4 Rxd5 44. exd5 Kf6 45. d6 Rd7 46. Qf2+ Ke6 47. Qg3 Rxd6 48. Qxd6+ Kxd6 49. g3 Kd5 50. h4 g4 51. h5 Kxd4 52. h6 Ke3 53. h7 Kf3 54. h8Q Kxg3 55. Qh2+ Kf3 56. Qf2+ Ke4 57. Qg3 Kf5 58. Kf1 Kg5 59. Ke2 1-0

[Event "GER-ch Net blitz qual1"]
[Site "Playchess.com INT"]
[Date "2020.03.07"]
[Round "4"]
[White "Wulff, Joerg"]
[Black "Bolwerk, Peter"]
[Result "1-0"]
[WhiteElo "1819"]
[BlackElo "2190"]
[PlyCount "71"]
[EventDate "2020.03.07"]
[EventType "swiss (blitz)"]
[EventRounds "9"]
[EventCountry "GER"]
[SourceTitle "CBM 195 Extra"]
[Source "ChessBase"]
[SourceDate "2020.05.31"]
[SourceVersion "1"]
[SourceVersionDate "2020.05.31"]
[SourceQuality "1"]

1. e4 c5 2. Nf3 e6 3. c4 d6 4. Nc3 Nf6 5. d4 cxd4 6. Nxd4 a6 7. Be3 Qc7 8. Be2 Be7 9. 0-0 Nbd7 10. Qd2 b6 11. Rac1 Bb7 12. f3 Rc8 13. Rfd1 Qb8 14. Bf1 Bd8 15. Qf2 Bc7 16. a3 d5 17. cxd5 Bxh2+ 18. Kh1 Bg3 19. Qd2 exd5 20. Nxd5 Bxd5 21. exd5 0-0 22. Nc6 Qd6 23. Bxa6 Rce8 24. Bg5 h6 25. Be3 Nh5 26. Qd4 Rxe3 27. Qxe3 Qf6 28. Qe7 Qxb2 29. Qxd7 Nf4 30. Bf1 f5 31. Ne7+ Kh8 32. Nxf5 Rxf5 33. Qxf5 g6 34. Rc8+ Kg7 35. Qf8+ Kh7 36. Rc7+ 1-0

[Event "GER-ch Net blitz qual1"]
[Site "Playchess.com INT"]
[Date "2020.03.07"]
[Round "2"]
[White "Wulff, Joerg"]
[Black "Zettl, Thomas"]
[Result "1-0"]
[WhiteElo "1819"]
[BlackElo "1974"]
[PlyCount "87"]
[EventDate "2020.03.07"]
[EventType "swiss (blitz)"]
[EventRounds "9"]
[EventCountry "GER"]
[SourceTitle "CBM 195 Extra"]
[Source "ChessBase"]
[SourceDate "2020.05.31"]
[SourceVersion "1"]
[SourceVersionDate "2020.05.31"]
[SourceQuality "1"]

1. e4 g6 2. f4 Bg7 3. Nf3 d6 4. d4 c5 5. Nc3 cxd4 6. Nxd4 Nc6 7. Be3 Nf6 8. Bb5 Bd7 9. 0-0 0-0 10. Bxc6 Bxc6 11. Qd3 Ng4 12. Nxc6 bxc6 13. Bd4 Bxd4+ 14. Qxd4 Qb6 15. Ne2 c5 16. Qc3 Rab8 17. b3 Rfc8 18. Qf3 c4+ 19. Kh1 Ne3 20. Rfc1 cxb3 21. cxb3 Nc2 22. Rab1 Nd4 23. Qe3 Nxe2 24. Qxe2 a5 25. Rc4 Rxc4 26. Qxc4 Qb4 27. Rc1 a4 28. Rc3 axb3 29. Qxb3 Qxb3 30. Rxb3 Rxb3 31. axb3 Kf8 32. Kg1 Ke8 33. Kf2 Kd7 34. Ke3 Kc6 35. Kd4 Kb5 36. Kc3 f6 37. g4 e6 38. h4 d5 39. exd5 exd5 40. Kd4 h6 41. Kxd5 Kb4 42. Ke6 Kxb3 43. Kxf6 Kc4 44. Kxg6 1-0

[Event "Prague op-A 19th"]
[Site "Prague"]
[Date "2020.01.11"]
[Round "2"]
[White "Wulff, Joerg"]
[Black "Turkova, Karolina"]
[Result "1/2-1/2"]
[WhiteElo "1833"]
[BlackElo "1981"]
[PlyCount "25"]
[EventDate "2020.01.10"]
[EventType "swiss"]
[EventRounds "9"]
[EventCountry "CZE"]
[SourceTitle "CBM 195 Extra"]
[Source "ChessBase"]
[SourceDate "2020.05.31"]
[SourceVersion "1"]
[SourceVersionDate "2020.05.31"]
[SourceQuality "1"]

1. e4 e5 2. Nf3 Nc6 3. Bc4 Nf6 4. Qe2 Bc5 5. c3 d6 6. d3 0-0 7. Nbd2 a6 8. Bb3 Bg4 9. h3 Be6 10. Nf1 Qe7 11. g4 Rad8 12. Ng3 d5 13. 0-0 1/2-1/2

[Event "Marianske Lazne op 15th"]
[Site "Marianske Lazne"]
[Date "2016.01.23"]
[Round "9"]
[White "Zabrzanska, Weronika"]
[Black "Wulff, Joerg"]
[Result "1/2-1/2"]
[WhiteElo "1316"]
[BlackElo "1742"]
[PlyCount "54"]
[EventDate "2016.01.16"]
[EventType "swiss"]
[EventRounds "9"]
[EventCountry "CZE"]
[SourceTitle "CBM 170 Extra"]
[Source "ChessBase"]
[SourceDate "2016.02.25"]
[SourceVersion "1"]
[SourceVersionDate "2016.02.25"]
[SourceQuality "1"]

1. e4 c6 2. d4 Na6 3. f4 d6 4. Nc3 Nc7 5. Nf3 g6 6. Be3 Bg7 7. Be2 Nh6 8. 0-0 Bg4 9. Qe1 0-0 10. h3 Bd7 11. Qg3 f5 12. e5 d5 13. Rae1 Ne6 14. Bd2 b5 15. a3 a5 16. Na2 Qc7 17. Rc1 Rfb8 18. c3 a4 19. Nb4 Qb7 20. Ng5 Nxg5 21. Qxg5 e6 22. h4 Be8 23. Kf2 Kh8 24. Rh1 Nf7 25. Qg3 Nd8 26. Nd3 Bf8 27. Rh3 h5 1/2-1/2